00679cam a22002291 4500001001300000003000400013005001700017008004100034010001700075025001900092035001900111040001800130042001200148050001500160100003300175245008900208260005500297300002900352504002600381651002500407999001700432sa 64001594 DLC20260227112003.0830217s1963 ii b 000 0 eng  asa 64001594  aPL480:I-E-2682 a(OCoLC)9232318 aDLCcViUdDLC apremarc00aDS423b.A81 aAtreya, B. L.q(Bhikhan Lal)10aIndian culture,cby Bhikhan Lal Atreya, Suniti Kumas Chatterji [and] Alain Danielou. aDelhib[Universal Book and Stationery Co.,c1963?] aviii, 95, [1] p.c23 cm. aBibliography: p. [96] 0aIndiaxCivilization. c56821d56821